ბათუმის შოთა რუსთაველის სახელმწიფო უნივერსიტეტის ბიბლიოთეკა

ფინანსური აღრიცხვა : (ბიბ.ჩანაწერი № 36576)

000 -ლიდერი
ფიქსირებული სიგრძის საკონტროლო ველი 00968nam a2200229Ia 4500
001 - საკონტროლო ნომერი
საკონტროლო ველი 2495
003 - საკონტროლო ნომრის იდენტიფიკატორი
საკონტროლო ველი GE_BSU
005 - ბოლო ოპერაციის თარიღი და დრო
საკონტროლო ველი 20221227161132.0
008 - ფიქსირებული სიგრძის მონაცემთა ელემენტები - ზოგადი ინფორმაცია
ფიქსირებული სიგრძის საკონტროლო ველი 181216s2008||||ge |||||||||||||| ||geo||
020 ## - წიგნის საერთაშორისო სტანდარტული ნომერი
International Standard Book Number 9789941004582
040 ## - კატალოგიზაციის წყარო
Transcribing agency GE_BSU
041 ## - ენის კოდი
Language code of text/sound track or separate title geo
080 ## - უნივერსალური ათობითი კლასიფიკაციის ინდექსი
Universal Decimal Classification number 657.222(075.8) მ–58
100 ## - მთავარი ჩანაწერი - პიროვნების სახელი
Personal name მესხია, იაკობ
9 (RLIN) 16608
245 ## - ცნობა სათაურის შესახებ
Title ფინანსური აღრიცხვა :
Remainder of title [სახელმძღვ. სტუდ.] /
Statement of responsibility, etc იაკობ მესხია, დეზი მაღლაკელიძე, ნათელა ვაშაკიძე.
264 ## - წარმოების, გამოცემის, დისტრიბუციის და სხვა ცნობები
გამოცემის, წარმოების, დისტრიბუციის... ადგილი ქუთაისი,
გამოცემის, წარმოების, დისტრიბუციის... თარიღი 2008.
300 ## - ფიზიკური აღწერა
Extent 327გვ.;
Other physical details ცხ. ;
Dimensions 20 სმ.
653 ## - INDEX TERM--UNCONTROLLED
Uncontrolled term ფინანსური აღრიცხვა.
700 ## - ADDED ENTRY--PERSONAL NAME
Personal name მაღლაკელიძე, დეზი
Relator term ავტორი
9 (RLIN) 15592
700 ## - ADDED ENTRY--PERSONAL NAME
Personal name ვაშაკიძე, ნათელა
Relator term ავტორი
9 (RLIN) 15593
942 ## - ADDED ENTRY ELEMENTS (KOHA)
Koha item type წიგნი
Source of classification or shelving scheme
ეგზემპლარები
ჩამოწერის სტატუსი დაკარგული ეგზემპლარის სტატუსი კლასიფიკაციის წყარო ან თაროზე გაწყობის სქემა დაზიანების სტატუსი არ გაიცემა მუდმივი მდებარეობა (დაცვის ადგილი) ამჟამინდელი ადგილსამყოფელი თაროზე განთავსების ადგილი შეძენის თარიღი ღირებულება, შესყიდვის ნორმალური ფასი სრული შენახვის შიფრი შტრიხკოდი ბოლო ოპერაციის თარიღი ეგზემპლარის მიმდევრობითი ნომერი (კეტერი?) ფასის ძალაში შესვლის თარიღი ეგზემპლარის სახეობა საჯარო შენიშვნა
          ბათუმის შოთა რუსთაველის სახელმწიფო უნივერსიტეტის მთავარი ბიბლიოთეკა ბათუმის შოთა რუსთაველის სახელმწიფო უნივერსიტეტის მთავარი ბიბლიოთეკა წიგნსაცავი 2018-12-17 12.00 657.222(075.8) მ–58 3489 2018-12-17 3489 2018-12-17 წიგნი 12 ლ.